000 00421nam a2200157Ia 4500
008 230917s9999||||xx |||||||||||||| ||und||
040 _e180658
_aMAIN
041 _aEnglish
082 _a363.325 M363U(3)
100 _aMartin, Gus
245 0 _aUnderstanding terrorism: Challenges, perspective and issues
250 _a3rd ed.
260 _aLondon
_bSage Publications
_c2010
300 _axxiii, 540 p.
942 _cBK
999 _c151278
_d151278